000 00440nam a22001697a 4500
003 MPLRDC
005 20220104143257.0
008 210129b ||||| |||| 00| 0 eng d
082 _a528.921 LHG
100 _a梁焕国等编著
245 _a体育与体质发展: 献给教师与家长
_c
250 _a一版一刷
260 _a
_b科学普及出版社
_c1986
300 _b
650 _a学校体育
942 _cBK
_o528.921 LHG
999 _c38341
_d38331